KOHA-Header-6

Strategic management : (Record no. 13198)

000 -LEADER
fixed length control field 01095cam a2200301 i 4500
001 - CONTROL NUMBER
control field 18638537
003 - CONTROL NUMBER IDENTIFIER
control field MAJU-Karachi
005 - DATE AND TIME OF LATEST TRANSACTION
control field 20220219115410.0
008 - FIXED-LENGTH DATA ELEMENTS--GENERAL INFORMATION
fixed length control field 150601s2016 nyu b 001 0 eng
010 ## - LIBRARY OF CONGRESS CONTROL NUMBER
LC control number 2015020479
020 ## - INTERNATIONAL STANDARD BOOK NUMBER
International Standard Book Number 9781259278211 (alk. paper)
040 ## - CATALOGING SOURCE
Original cataloging agency DLC
Language of cataloging eng
Transcribing agency DLC
Description conventions rda
Modifying agency DLC
042 ## - AUTHENTICATION CODE
Authentication code pcc
050 00 - LIBRARY OF CONGRESS CALL NUMBER
Classification number HD30.28
Item number .D4746 2016
082 00 - DEWEY DECIMAL CLASSIFICATION NUMBER
Classification number 658.4/012
Edition number 23
100 1# - MAIN ENTRY--PERSONAL NAME
Personal name Dess, Gregory G.
245 10 - TITLE STATEMENT
Title Strategic management :
Remainder of title text and cases /
Statement of responsibility, etc Gregory G. Dess, University of Texas at Dallas, Gerry McNamara, Michigan State University, Alan B. Eisner, Pace University.
250 ## - EDITION STATEMENT
Edition statement Eighth Edition.
300 ## - PHYSICAL DESCRIPTION
Extent xxxviii, 456 pages ;
Dimensions 26 cm
500 ## - GENERAL NOTE
General note Revised edition of Strategic management, 2014.
504 ## - BIBLIOGRAPHY, ETC. NOTE
Bibliography, etc Includes bibliographical references and indexes.
650 #0 - SUBJECT ADDED ENTRY--TOPICAL TERM
Topical term or geographic name as entry element Strategic planning.
700 1# - ADDED ENTRY--PERSONAL NAME
Personal name McNamara, Gerry.
700 1# - ADDED ENTRY--PERSONAL NAME
Personal name Eisner, Alan B.
906 ## - LOCAL DATA ELEMENT F, LDF (RLIN)
a 7
b cbc
c orignew
d 1
e ecip
f 20
g y-gencatlg
942 ## - ADDED ENTRY ELEMENTS (KOHA)
Source of classification or shelving scheme
Koha item type Management
Holdings
Withdrawn status Lost status Source of classification or shelving scheme Damaged status Not for loan Collection code Permanent Location Current Location Shelving location Date acquired Total Checkouts Total Renewals Full call number Barcode Date last seen Date checked out Price effective from Koha item type
          Management MAJU MAJU   2022-02-19 2 1 658.4/012 10283 2025-04-08 2024-03-25 2022-02-19 Management

Powered by Koha